A clash of kings / (Record no. 480)

MARC details
000 -LEADER
fixed length control field 00745cam a2200265 a 4500
005 - DATE AND TIME OF LATEST TRANSACTION
control field 20260322212021.0
008 - FIXED-LENGTH DATA ELEMENTS--GENERAL INFORMATION
fixed length control field data
010 ## - LIBRARY OF CONGRESS CONTROL NUMBER
LC control number 2012371161
020 ## - INTERNATIONAL STANDARD BOOK NUMBER
International Standard Book Number 9780345535412 (pbk.)
040 ## - CATALOGING SOURCE
Original cataloging agency DLC
Transcribing agency DLC
042 ## - AUTHENTICATION CODE
Authentication code pcc
050 00 - LIBRARY OF CONGRESS CALL NUMBER
Classification number PS3563.A7239
Item number C58 2012
099 ## - LOCAL FREE-TEXT CALL NUMBER (OCLC)
Classification number MARTI G
001 - CONTROL NUMBER
control field data
100 1# - MAIN ENTRY--PERSONAL NAME
Personal name Martin, George R. R.
245 12 - TITLE STATEMENT
Title A clash of kings /
Statement of responsibility, etc. George R. R. Martin.
250 ## - EDITION STATEMENT
Edition statement Bantam Books trade pbk. tie-in ed.
260 ## - PUBLICATION, DISTRIBUTION, ETC.
Place of publication, distribution, etc. New York :
Name of publisher, distributor, etc. Bantam Books,
Date of publication, distribution, etc. 2012.
300 ## - PHYSICAL DESCRIPTION
Extent 761 p. :
Other physical details ill. ;
Dimensions 24 cm.
490 0# - SERIES STATEMENT
Series statement A song of ice and fire ;
Volume/sequential designation bk. 2
500 ## - GENERAL NOTE
General note Sequel to: A game of thrones.
500 ## - GENERAL NOTE
General note Maps on endpapers.
655 #7 - INDEX TERM--GENRE/FORM
Genre/form data or focus term Fantasy fiction.
Source of term gsafd
730 0# - ADDED ENTRY--UNIFORM TITLE
Uniform title Game of thrones (Television program)
Holdings
Withdrawn status Lost status Damaged status Not for loan Home library Current library Shelving location Date acquired Total checkouts Full call number Barcode Date last seen Price effective from Koha item type
        Centerville Centerville General stacks 22/03/2026   PS3563.A7239 C58 2012 BC0010491 22/03/2026 22/03/2026 Books